[Event "Tampere ELO Taraus"]
[Site "Tampere"]
[Date "1998.??.??"]
[Round "1"]
[White "Korhonen, Pasi"]
[Black "Kokkila, Tero"]
[Result "0-1"]
[WhiteElo "2105"]
[BlackElo "2270"]

1.c4 e5 2.g3 Nf6 3.Nc3 Bb4 4.Bg2 O-O 5.e3 Bxc3 6.bxc3 c6 7.d4 Qa5 8.Bd2 b6
9.Ne2 Ba6 10.Qb3 Re8 11.e4 d6 12.f3 Nbd7 13.g4 d5 14.cxd5 cxd5 15.g5 Nh5
16.Ng3 Nf4 17.Bf1 Bxf1 18.Rxf1 Rac8 19.Nf5 Rc6 20.Kd1 Qa6 21.Ng3 Qd3 22.exd5 Rd6
23.c4 Qxd4 24.Qc3 Qxc3 25.Bxc3 Rg6 26.h4 h6 27.Ne4 Rc8 28.c5 Nxd5 29.Bd2 hxg5
30.c6 Rgxc6 31.hxg5 Nc5 32.Ke2 Nxe4 33.fxe4 Nc3+ 34.Ke3 Rc4 35.Bxc3 Rxc3+
36.Kf2 Rc2+ 37.Kg1 Re2 38.Rf5 Rxe4 39.Raf1 Rc7 40.g6 Rg4+ 41.Kf2 Rxg6 42.Ke3 f6
43.Rd1 Kf7 44.Rh5 Rg2 45.Rh8 Rxa2 46.Rdd8 Rc3+ 47.Ke4 Ra4+ 48.Kf5 Rf4+  0-1

[Event "ROM-chT"]
[Site "Timisu de Sus"]
[Date "1998.??.??"]
[Round "1"]
[White "Foisor, Ovidiu"]
[Black "Stoica, Valentin"]
[Result "1/2-1/2"]
[WhiteElo "2475"]
[BlackElo "2465"]

1.c4 e5 2.g3 Nf6 3.Bg2 c6 4.d4 exd4 5.Qxd4 d5 6.Nf3 Be7 7.cxd5 cxd5 8.Be3 O-O
9.Nc3 Nc6 10.Qa4 Ng4 11.Bd4 Nxd4 12.Nxd4 Bc5 13.O-O Bd7 14.Qd1 Qf6  1/2-1/2

[Event "ROM-chT"]
[Site "Timisu de Sus"]
[Date "1998.??.??"]
[Round "4"]
[White "Marin, Mihail"]
[Black "Varga, Zoltan"]
[Result "1/2-1/2"]
[WhiteElo "2530"]
[BlackElo "2565"]

1.c4 e5 2.g3 Nf6 3.Bg2 d5 4.cxd5 Nxd5 5.Nc3 Nb6 6.Nf3 Nc6 7.O-O Be7 8.d3 Be6
9.a3 O-O 10.b4 a5 11.b5 Nd4 12.Rb1 f6 13.Nd2 c6 14.e3 Nxb5 15.Nxb5 cxb5 16.Rxb5 Nd5
17.Bb2 Rb8 18.Nc4 b6 19.Qb3 Bc5 20.d4 Nc7 21.dxc5 Nxb5 22.Qxb5 bxc5 23.Qxc5 Qc8
24.Bc6 Qa6 25.Rc1 Rfc8 26.Nxe5 Rxb2 27.Qd6 fxe5 28.Qxe6+ Kh8 29.Rd1 Rbb8
30.Bd7 Qxe6 31.Bxe6 Rc3 32.a4 Ra3 33.Bd7 Ra2 34.Rd5 Rf8 35.Rxa5 g6 36.f4 Rd2
37.Be6 e4 38.Re5 Ra8 39.Rd5 Re2 40.Rd4 Rb8 41.Rd1 Rxe3 42.Rd2 Ra3 43.Re2 Rb4
44.Bd5 e3 45.Kg2 Rbxa4 46.Kf3 Rd4 47.Be4 Rd2 48.Rxe3 Rxe3+ 49.Kxe3 Rxh2 50.g4 h5
51.Bxg6 h4 52.g5 Rg2 53.Be4 Rg3+ 54.Kf2 Kg7 55.Bf3 Kf7 56.Bd5+ Ke7 57.Bf3 Ke6
58.Be4 Ra3 59.Kg2 Ra4 60.Kf3 h3 61.Bg6 h2 62.Kg2 Ra2+ 63.Kh1 Rf2 64.Bh7 Rxf4
65.Bg8+ Kf5 66.Kxh2 Rg4 67.g6 Kxg6 68.Be6 Rg5 69.Kh3 Kf6 70.Kh4 Rg7 71.Bc8 Ke5
72.Kh5 Kf4 73.Kh6 Rc7 74.Bh3 Rc3 75.Bd7 Rd3 76.Be8 Rd6+ 77.Bg6 Kg4 78.Kg7 Kg5
79.Bh7  1/2-1/2

[Event "RUS-Cup07"]
[Site "Tomsk"]
[Date "1998.??.??"]
[Round "8"]
[White "Shchekachev, Andrei"]
[Black "Nikitin, Andrey"]
[Result "1-0"]
[WhiteElo "2560"]
[BlackElo "2425"]

1.c4 e5 2.g3 Nf6 3.Bg2 Nc6 4.Nf3 d5 5.cxd5 Nxd5 6.O-O Be7 7.d4 e4 8.Ne5 f5
9.Nxc6 bxc6 10.Qc2 Qd6 11.Na3 O-O 12.Nc4 Qf6 13.b3 c5 14.Ne3 Nb4 15.Qc4+ Be6
16.d5 Qxa1 17.dxe6 Qd4 18.a3 Nc6 19.Qa6 Nd8 20.Rd1 Qe5 21.Nd5 Re8 22.Bf4 Qxe6
23.Qa4 Nc6 24.Nxc7 Qg6 25.Nxa8 Rxa8 26.e3 Qf6 27.Bg5 Qxg5 28.Qxc6 Rb8 29.Bf1 h5
30.Qe6+ Kh7 31.Rd7 Bf6 32.h4 Qg6 33.Bh3 Rb6 34.Qd5 Kh6 35.Bxf5 Qe8 36.Rxa7 Qe5
37.Bxe4  1-0

[Event "POL-ch U20"]
[Site "Trzebinia"]
[Date "1998.??.??"]
[Round "6"]
[White "Miton, Kamil"]
[Black "Hnydiuk, Aleksander"]
[Result "1/2-1/2"]
[WhiteElo "2375"]
[BlackElo "2355"]

1.g3 e5 2.c4 Nc6 3.Bg2 f5 4.Nc3 Nf6 5.a3 g6 6.d3 Bg7 7.e3 O-O 8.Nge2 d6 9.O-O h6
10.f4 Be6 11.b3 Qd7 12.Bb2 Rae8 13.Nd5 Bf7 14.e4 Be6 15.Qd2 fxe4 16.dxe4 Bg4
17.Rae1 Nh5 18.Nc1 Nd4 19.Bxd4 exd4 20.Nd3 c6 21.N5b4 Rf7 22.Nf2 Be6 23.Nbd3 Nf6
24.c5 Ng4 25.Nxg4 Bxg4 26.b4 Rfe7 27.cxd6 Qxd6 28.e5 Qd8 29.Nc5 b6 30.Ne4 Rf8
31.Rc1 Rc7 32.Rc4 Qe7 33.Rxd4 c5 34.Rd6 Bf5 35.Nc3 Rd7 36.Nd5 Qd8 37.Rxd7 Qxd7
38.Rd1 Kh8 39.Qc3 Rc8 40.Rc1 Be6 41.Ne3 Bf8 42.b5 Qxb5 43.Be4 Qe8 44.g4 Qa4
45.Qd3 c4 46.Qc3 Qxa3 47.f5 gxf5 48.gxf5 Qxc3 49.Rxc3 Bb4 50.Rc2 Bc5 51.Kf2 Bxf5
52.Bxf5 Rf8 53.Kf3 Bxe3 54.Ke4 Bc5 55.Rxc4 Kg7 56.Rc2 Rd8 57.Rg2+ Kf8 58.Be6 Rd1
59.Bb3 Rg1 60.Rxg1 Bxg1  1/2-1/2

[Event "RUS-ch sf"]
[Site "Tula"]
[Date "1998.??.??"]
[Round "5"]
[White "Shestakov, Sergei S"]
[Black "Dokuchaev, Aleksander"]
[Result "1/2-1/2"]
[WhiteElo "2325"]
[BlackElo "2425"]

1.c4 e5 2.g3 Nf6 3.Bg2 c6 4.d4 exd4 5.Qxd4 Na6 6.Nc3 Bc5 7.Qe5+ Be7 8.Nf3 O-O
9.O-O Re8 10.Qd4 Nc7 11.e4 Ne6 12.Qd1 d6 13.h3 Nd7 14.Be3 Ne5 15.Nd2 Bf6
16.Qc2 Qa5 17.a3 Nd7 18.Ne2 Qc7 19.Rad1 a5 20.b3 Ndc5 21.Nf3 g6 22.Rfe1 Bd7
23.Nf4 Rad8 24.Nxe6 Nxe6 25.b4 c5 26.b5 Bc8 27.Bc1  1/2-1/2

[Event "Val Thorens op"]
[Site "Val Thorens"]
[Date "1998.??.??"]
[Round "?"]
[White "Horvath, Jozsef"]
[Black "Gaudineau, Eric"]
[Result "0-1"]
[WhiteElo "2515"]
[BlackElo "2240"]

1.c4 e5 2.g3 Nc6 3.Bg2 f5 4.Nc3 Nf6 5.e3 g6 6.Nge2 Bg7 7.d3 O-O 8.Rb1 d6
9.b4 a6 10.a4 a5 11.b5 Nb4 12.O-O c5 13.bxc6 bxc6 14.Ba3 Rb8 15.Qd2 Ba6 16.Rfd1 c5
17.Nb5 Bb7 18.Nc1 f4 19.exf4 exf4 20.Bxb7 fxg3 21.Bg2 gxf2+ 22.Qxf2 Rxb5
23.d4 Nh5 24.Qe3 Re8 25.Qf3 Rb8 26.dxc5 Qh4 27.cxd6 Bd4+ 28.Kh1 Re3 29.Rxd4 Qxd4
30.Ne2 Qd3 31.Qd5+ Nxd5 32.Rxb8+ Kg7 33.d7 Qxa3 34.d8=Q Rxe2 35.Rb1 Ndf4
36.Bf3 Qxf3+  0-1

[Event "Vienna op 13th"]
[Site "Vienna"]
[Date "1998.??.??"]
[Round "?"]
[White "Eingorn, Vereslav S"]
[Black "Baumegger, Siegfried"]
[Result "1/2-1/2"]
[WhiteElo "2605"]
[BlackElo "2495"]

1.c4 e5 2.g3 g6 3.Bg2 Bg7 4.Nc3 d6 5.e3 f5 6.Nge2 Nf6 7.O-O O-O 8.b3 c6 9.Ba3 Na6
10.b4 Nc7 11.b5 cxb5 12.cxb5 Rf7 13.f4 e4 14.Rb1 Ne6 15.Bb2 d5 16.Na4 b6
17.Nd4 Nxd4 18.Bxd4 Ne8 19.Bxg7 Nxg7 20.d3 Bb7 21.Qb3 Qe7 22.Rfd1 Nh5 23.dxe4 dxe4
24.Bf1 Kg7 25.Nb2 Nf6 26.Nc4 Bd5 27.Qb2 Bxc4 28.Bxc4 Rff8 29.Rd4 Rfd8 30.Rbd1 Rac8
31.h3 Rxd4 32.Rxd4 Rd8 33.Kf2 h5 34.Ke2 Kh7 35.Rxd8 Qxd8 36.Qe5 Kg7 37.Qe6 Qd7
38.Qc6 Qe7 39.Kd1 Qe8 40.Kc2 Qe7 41.Qc8 Qb4 42.Qe6 Qc5 43.Kd1 Qc7 44.Kd2 Qd8+
45.Kc3 Qd1  1/2-1/2

[Event "Vlissingen HZ op"]
[Site "Vlissingen"]
[Date "1998.??.??"]
[Round "6"]
[White "Davies, Nigel R"]
[Black "Ernst, Sipke"]
[Result "1-0"]
[WhiteElo "2515"]
[BlackElo "2300"]

1.c4 e5 2.g3 Nf6 3.Bg2 d5 4.cxd5 Nxd5 5.Nf3 Nc6 6.O-O Be7 7.d4 exd4 8.Nxd4 Ndb4
9.Nxc6 Nxc6 10.Nc3 O-O 11.Bf4 a6 12.Bxc6 bxc6 13.Qa4 Bh3 14.Rfd1 Qb8 15.Qxc6 Qxb2
16.Rab1 Qa3 17.Bxc7 Bf6 18.Nd5 Qxa2 19.Nxf6+ gxf6 20.Qxf6 Qe6 21.Qf4 Qf5
22.f3 Qxf4 23.Bxf4 Be6 24.g4 Rfd8 25.Be5 Rxd1+ 26.Rxd1 a5 27.Kf2 a4 28.Bf6 a3
29.Rd8+ Rxd8 30.Bxd8 Kg7 31.Ba5 h5 32.g5 Kg6 33.h4 f6 34.gxf6 Kxf6 35.e4 Bb3
36.Ke3 a2 37.Bc3+ Ke6 38.f4 Bc2 39.f5+ Kd6 40.Kf4 Bd3 41.e5+ Ke7 42.Kg5 Kf7
43.Bd4 Bc2 44.Kf4 Ke7 45.Bb2 Bd3 46.Kg5 Kf7 47.f6 Be4 48.Kxh5 Bc2 49.Kg5 Bd3
50.h5 Bc2 51.Kf4 Ke6 52.Ke3 Bd1 53.h6 Bc2 54.Kd4 Bg6 55.Kc5 Be4 56.Kb6  1-0

[Event "POL-chT2"]
[Site "Wisla"]
[Date "1998.??.??"]
[Round "?"]
[White "Kasprzyk, Tomasz"]
[Black "Kwiecien, Zbigniew"]
[Result "1-0"]
[WhiteElo "2215"]
[BlackElo "2230"]

1.c4 e5 2.g3 Nf6 3.Bg2 d5 4.cxd5 Nxd5 5.Nc3 Nb6 6.Nf3 Nc6 7.O-O Be7 8.d3 Be6
9.Be3 f5 10.a4 a5 11.Rc1 O-O 12.Nb5 Nd7 13.d4 f4 14.Bxf4 exf4 15.d5 fxg3
16.hxg3 Nc5 17.dxe6 Qxd1 18.Rfxd1 Nxe6 19.Bh3 Ng5 20.Nxg5 Bxg5 21.Rc5 Bf6
22.Nxc7 Rad8 23.Rxd8 Rxd8 24.e3 Bxb2 25.Rb5 Rd2 26.Rxb7 Be5 27.Nd5 Kf8 28.Rb5 Bd6
29.Nb6 Rc2 30.Bf5 Rc1+ 31.Kg2 g6 32.Be4 Bb4 33.Nd5 Be1 34.Rb7 Rc4 35.Nf6 h6  1-0

[Event "POL-chT2"]
[Site "Wisla"]
[Date "1998.??.??"]
[Round "?"]
[White "Kasprzyk, Tomasz"]
[Black "Kubien, Jerzy"]
[Result "1-0"]
[WhiteElo "2215"]
[BlackElo "2280"]

1.c4 e5 2.g3 Nf6 3.Bg2 d5 4.cxd5 Nxd5 5.Nc3 Nb6 6.Nf3 Nc6 7.O-O Be7 8.d3 O-O
9.Bd2 Be6 10.Qc1 h6 11.Ne4 Nd7 12.Be3 Re8 13.Rd1 Bf8 14.Rd2 Nb4 15.a3 Nd5
16.Bc5 Nxc5 17.Nxc5 Bc8 18.e4 Nf6 19.d4 exd4 20.Nxd4 Bxc5 21.Qxc5 Nxe4 22.Bxe4 Rxe4
23.Ne6 Bxe6 24.Rxd8+ Rxd8 25.Qxc7 Re8 26.Rd1 Bh3 27.f3 Re2 28.g4 h5 29.Rd8 hxg4
30.Qd7 Re1+ 31.Kf2 Rf1+ 32.Kg3 Rxf3+ 33.Kh4 Rxd8 34.Qxd8+ Kh7 35.Qd5 g6 36.Qe5 b6
37.a4 Rf5 38.Qe3 Kg8 39.b4 a5 40.b5 Rh5+ 41.Kg3 Rf5 42.Kh4 Kg7 43.Qd4+ f6
44.Qxb6 Kh6 45.Qe3+ g5+ 46.Kg3 Rf4 47.b6 Rb4 48.Qe6 Kg6 49.b7 Rf4 50.Qe8+ Kg7  1-0

[Event "POL-chT2"]
[Site "Wisla"]
[Date "1998.??.??"]
[Round "?"]
[White "Laszewicz, Pawel"]
[Black "Lipski, Tadeusz"]
[Result "1-0"]
[WhiteElo "2220"]
[BlackElo "2195"]

1.c4 e5 2.g3 h5 3.h4 d5 4.Bg2 dxc4 5.Qa4+ Nc6 6.Bxc6+ bxc6 7.Qxc6+ Bd7 8.Qxc4 Nf6
9.Nc3 Rb8 10.a3 Bd6 11.Nf3 O-O 12.Ng5 Qe7 13.d3 a5 14.O-O Bc5 15.e3 Bc6 16.d4 exd4
17.exd4 Bxd4 18.Qxd4 Rfd8 19.Qc4 Ba8 20.Bf4 Rxb2 21.Rfe1  1-0

[Event "EUCup final (Women)"]
[Site "Wuppertal"]
[Date "1998.??.??"]
[Round "5"]
[White "Foisor, Cristina Adela B"]
[Black "Vuksanovic, Sanja"]
[Result "1/2-1/2"]
[WhiteElo "2410"]
[BlackElo "2310"]

1.c4 e5 2.g3 Nf6 3.Bg2 d5 4.cxd5 Nxd5 5.Nf3 Nc6 6.O-O Nb6 7.Nc3 Be7 8.a3 O-O
9.d3 Be6 10.b4 f6 11.Nd2 Nd5 12.Bxd5 Bxd5 13.b5 Nb8 14.Nxd5 Qxd5 15.a4 Nd7
16.Qb3 Qxb3 17.Nxb3 a6 18.Be3 f5 19.Rfc1 Bd6 20.Bc5 Nxc5 21.Nxc5 axb5 22.Ne6 Rfe8  1/2-1/2

[Event "Zadar op"]
[Site "Zadar"]
[Date "1998.??.??"]
[Round "5"]
[White "Vaulin, Alexander"]
[Black "Delchev, Aleksander"]
[Result "1/2-1/2"]
[WhiteElo "2535"]
[BlackElo "2545"]

1.c4 e5 2.g3 c6 3.Bg2 d5 4.cxd5 cxd5 5.d4 e4 6.f3 Bb4+ 7.Bd2 Bxd2+ 8.Qxd2 exf3
9.exf3 Ne7 10.Ne2 O-O 11.Nbc3 Nbc6 12.O-O Be6 13.Rad1 Nf5 14.g4 Nh4 15.Nf4 Re8
16.Bh1 Ng6 17.Nce2  1/2-1/2

[Event "Ardid mem 10th op"]
[Site "Zaragoza"]
[Date "1998.??.??"]
[Round "6"]
[White "Glavina, Pablo"]
[Black "Garza Marco, Sergio"]
[Result "1/2-1/2"]
[WhiteElo "2425"]
[BlackElo "2225"]

1.g3 e5 2.c4 d6 3.Bg2 f5 4.d4 Be7 5.Nc3 Nf6 6.Nf3 e4 7.Ng5 c6 8.d5 Na6 9.f3 exf3
10.Nxf3 c5 11.O-O O-O 12.a3 Bd7 13.Ng5 Nc7 14.b4 cxb4 15.axb4 Ng4 16.Nf3 Bf6
17.Ra3 Na6 18.b5 Nc5 19.h3 Ne5 20.Nxe5 Bxe5 21.Bf4 Qf6 22.Qd2 a6 23.Rfa1 Rae8
24.Bf3 axb5 25.cxb5 Ne4 26.Bxe5 Qxe5 27.Qf4 Nxc3 28.Qxe5 Rxe5 29.Rxc3 Bxb5
30.Kf2 Rfe8 31.e3 Kf8 32.Rb1 Ba6 33.Rb6 Rd8 34.Rc7 Re7 35.Rc3 Kf7 36.g4 g6
37.gxf5 gxf5 38.Rb4 Kf6 39.Rh4 Rg8 40.e4 fxe4 41.Bxe4 Rg5 42.Rf3+ Ke5 43.Ke3 Rc7
44.Rh6 Rc3+ 45.Kf2 Rc1 46.Bxh7 Kxd5 47.Bd3 Rc6 48.Rh4 Kc5 49.Rg4 Rxg4 50.hxg4 Bxd3
51.Rxd3 d5 52.g5 Rg6 53.Rg3 Kd4 54.Kf3 Ke5 55.Ke3 Ra6 56.Rg1 Ra3+ 57.Kd2 b5  1/2-1/2

[Event "Linares Anibal op"]
[Site "Linares"]
[Date "1999.01.08"]
[Round "1"]
[White "Betaneli, Aleksandr"]
[Black "Minasian, Artashes"]
[Result "0-1"]
[WhiteElo "2340"]
[BlackElo "2620"]

1.c4 e5 2.g3 Nf6 3.Bg2 Nc6 4.Nc3 Bb4 5.Nd5 O-O 6.Nf3 e4 7.Ng1 Re8 8.Nxb4 Nxb4
9.a3 Nc6 10.d4 d5 11.c5 a5 12.b3 b6 13.cxb6 cxb6 14.Bg5 Ba6 15.Rc1 Na7 16.Nh3 h6
17.Bf4 Rc8 18.Rxc8 Qxc8 19.Qd2 Nb5 20.O-O Qc3 21.Re1 Qxb3  0-1

[Event "BL2-W9899"]
[Site "Germany"]
[Date "1999.01.10"]
[Round "4.4"]
[White "Becker, Marc"]
[Black "Luecke, Norbert"]
[Result "1/2-1/2"]
[WhiteElo "2419"]
[BlackElo "2375"]

1.c4 e5 2.g3 Nf6 3.Bg2 d5 4.cxd5 Nxd5 5.Nf3 Nc6 6.O-O Be7 7.d4 exd4 8.Nxd4 Nxd4
9.Qxd4 Nf6 10.Qa4+ Nd7 11.Rd1 c6 12.Nc3 O-O 13.Be3 Bg5 14.Bxg5 Qxg5 15.Ne4 Qe7
16.Qd4 a5 17.Rd2 Nf6 18.Qd6 Qxd6 19.Nxd6 Rd8 20.Rad1 Kf8 21.e4 Ne8 22.Nxc8 Rxd2
23.Rxd2 Rxc8 24.Bh3 Rc7 25.Rd8 Ke7 26.Ra8 Nd6 27.f3 b6 28.Kf2 g6 29.g4 c5
30.Ke2 c4 31.Kd2 Nb5 32.Bf1  1/2-1/2

[Event "Tapolca op"]
[Site "Budapest"]
[Date "1999.01.13"]
[Round "6"]
[White "Khechumyan, Gagik"]
[Black "Neber, Akos"]
[Result "0-1"]
[WhiteElo "2320"]
[BlackElo "2175"]

1.c4 e5 2.g3 Nc6 3.Bg2 f5 4.e3 Nf6 5.Ne2 g6 6.Nbc3 Bg7 7.d3 O-O 8.O-O d6
9.Rb1 a5 10.a3 Ne7 11.b4 axb4 12.axb4 c6 13.b5 Be6 14.bxc6 bxc6 15.Rb7 Bc8
16.Rb3 Be6 17.Ba3 Qc7 18.Qc2 Rfb8 19.Rfb1 Kf7 20.Rxb8 Rxb8 21.Rxb8 Qxb8 22.Qa4 Bd7
23.h3 Ne8 24.Nd5 Qb7 25.Nxe7 Kxe7 26.f4 exf4 27.Nxf4 g5 28.Ne2 Qb1+ 29.Nc1 Bb2
30.Bxb2 Qxb2 31.Qd1 Nf6 32.Ne2 c5 33.Kf2 Qa2 34.Ke1 Ba4 35.Qd2 Qxd2+ 36.Kxd2 h6
37.Nc3 Bd7 38.d4 Be6 39.Kd3 Nh5 40.Ne2 Nf6 41.Bf3 f4 42.gxf4 Bxh3 43.dxc5 dxc5
44.e4 g4 45.Bh1 Bf1 46.Ke3 Nh5 47.Nc3 Bxc4 48.e5 Ng3 49.Be4 h5 50.f5 h4 51.Kf4 Nxe4
52.Nxe4 g3 53.Ng5 g2 54.f6+ Ke8 55.Nh3 Be6 56.Ng1 c4  0-1

[Event "Excelsior Cup"]
[Site "Goteborg"]
[Date "1999.01.13"]
[Round "7"]
[White "Marin, Mihail"]
[Black "Astrom, Robert"]
[Result "1-0"]
[WhiteElo "2527"]
[BlackElo "2415"]

1.c4 e5 2.g3 Nc6 3.Bg2 g6 4.Nc3 Bg7 5.Rb1 a5 6.d3 Nf6 7.e3 O-O 8.Nge2 Ne7
9.e4 d6 10.O-O Nd7 11.Be3 f5 12.Qd2 Nf6 13.h3 fxe4 14.dxe4 Be6 15.b3 Qd7
16.Kh2 Kh8 17.Rbd1 b6 18.Nd5 Neg8 19.Nec3 Rae8 20.a3 h6 21.b4 axb4 22.axb4 Nxd5
23.cxd5 Bf7 24.Ra1 Ra8 25.Rfc1 g5 26.Qd3 Nf6 27.Qb5 Qe7 28.Qc6 Rxa1 29.Rxa1 Be8
30.Qc4 Bd7 31.Ra7 Ne8 32.Nb5 Bxb5 33.Qxb5 Qf6 34.Qd7 Qg6 35.Ra8 Kh7 36.Qe7 Kg8
37.Rc8 Bf6 38.Qe6+ Kh7 39.Qd7+ Bg7 40.Qe7 Kg8 41.Kg1 Bf6 42.Qe6+ Kh7 43.Qd7+ Bg7
44.Qe7 Rg8 45.Bf1 Kh8 46.f3 Bf6 47.Qe6 g4 48.hxg4 Bg5 49.f4 Qxe6 50.dxe6 exf4
51.gxf4 Bf6 52.Bc4 Be7 53.Bd4+ Bf6 54.Bf2 Be7 55.Bd4+ Bf6 56.e7 Bxd4+ 57.Kh2  1-0

[Event "Ubeda op"]
[Site "Ubeda"]
[Date "1999.01.22"]
[Round "3"]
[White "Sorokin, Maxim"]
[Black "Salmensuu, Olli"]
[Result "1/2-1/2"]
[WhiteElo "2570"]
[BlackElo "2420"]

1.c4 e5 2.g3 Nc6 3.Nc3 f5 4.Nf3 e4 5.Nh4 g6 6.d3 exd3 7.Qxd3 Bg7 8.Bg2 Ne5
9.Qc2 Nf6 10.O-O c6 11.b3 Qe7 12.Bb2 O-O 13.Rad1 d6 14.Rfe1 f4 15.Ba3 Ne8
16.Nf3  1/2-1/2

[Event "Geneve op"]
[Site "Geneve"]
[Date "1999.01.25"]
[Round "3"]
[White "Zueger, Beat"]
[Black "Olivier, Jean Christophe"]
[Result "1-0"]
[WhiteElo "2424"]
[BlackElo "2417"]

1.c4 e5 2.g3 Nf6 3.Bg2 d5 4.cxd5 Nxd5 5.Nc3 Nb6 6.Nf3 Nc6 7.O-O Be7 8.a3 f5
9.d3 O-O 10.b4 Bf6 11.Bb2 Nd4 12.Nd2 c6 13.a4 Bd7 14.b5 Rc8 15.e3 Ne6 16.a5 Na8
17.Qb3 Kh8 18.Ba3 Be7 19.a6 Rb8 20.axb7 Rxb7 21.Nc4 Bxa3 22.Qxa3 Rc7 23.bxc6 Bxc6
24.Bxc6 Rxc6 25.Nxe5 Rc7 26.d4 f4 27.Nb5 Rb7 28.Nd6 Rc7 29.Rfc1 fxg3 30.hxg3 Qf6
31.f4 Nb6 32.Rxc7 Nxc7 33.Ne4 Qd8 34.Ng5 Qe8 35.Qxa7 Nbd5 36.Qa3 h6 37.Ngf3 Rf6
38.Rc1 Kh7 39.Rc2 Ne6 40.e4 Ndxf4 41.gxf4 Nxf4 42.Qe3 Qh5 43.Rh2 Qe8 44.Ng5+ Kh8
45.Qb3 Ne6 46.Nxe6 Rxe6 47.Rg2 Kh7 48.Qg3 Qe7 49.Rf2 Qa7 50.Qg4 Ra6 51.Qf5+ Kg8
52.Qf7+ Qxf7 53.Rxf7 Ra2 54.Rf2 Ra1+ 55.Kg2 Rd1 56.Nc6 g5 57.e5 Kg7 58.e6 Re1
59.e7  1-0

[Event "Geneve op"]
[Site "Geneve"]
[Date "1999.01.29"]
[Round "7"]
[White "Zueger, Beat"]
[Black "Landenbergue, Claude"]
[Result "1/2-1/2"]
[WhiteElo "2424"]
[BlackElo "2420"]

1.c4 e5 2.g3 Nc6 3.Bg2 f5 4.Nc3 Nf6 5.e3 g6 6.Nge2 Bg7 7.d3 O-O 8.O-O d6
9.Rb1 a5 10.a3 Be6 11.Nd5 Rb8 12.Bd2 Qd7 13.Qc2 Kh8 14.d4 Nh5 15.dxe5 dxe5
16.Rbd1 Qf7 17.Bc3 Rfd8 18.f4 exf4 19.Nexf4 Nxf4 20.exf4 Bxc3 21.Qxc3+ Qg7
22.Rfe1 Qxc3 23.bxc3 Bg8 24.Rb1 Rd6 25.Ne7 Nxe7 26.Rxe7 c5 27.Rc7 b6 28.Rxc5 bxc5
29.Rxb8 Rd1+ 30.Kf2 Rd2+ 31.Kg1 Rd1+ 32.Kf2 Rd2+ 33.Kf1 Kg7 34.Bd5 Bxd5 35.cxd5 Rd3
36.Ke2 c4 37.d6 Kf6 38.Rc8 Rxd6 39.Rxc4 Ke6 40.a4 Rb6 41.Rc5 Rb2+ 42.Kd3 Rxh2
43.Rxa5 Rg2 44.Kd4 Rxg3 45.Ra6+ Kd7 46.Ra7+ Kd6 47.Ra6+ Kc7 48.Ra7+ Kd6 49.Rxh7 Rg4
50.Ke3 Rg3+ 51.Kd2 Rg4 52.Ke3 Rg3+ 53.Kd2 Rg4 54.Rg7 Rxf4 55.Rxg6+ Kc5 56.a5 Kb5
57.a6 Ra4 58.Rf6 Rxa6 59.c4+ Ka5 60.Rxf5+ Kb6 61.Rf6+ Kb7 62.Rxa6 Kxa6 63.Kc3 Kb6
64.Kb4 Kc6  1/2-1/2

[Event "BL2-O9899"]
[Site "Germany"]
[Date "1999.01.31"]
[Round "5.1"]
[White "Kosten, Anthony C"]
[Black "Mischustov, Michael"]
[Result "1-0"]
[WhiteElo "2502"]
[BlackElo "2380"]

1.c4 e5 2.g3 Nf6 3.Bg2 c6 4.d4 Bb4+ 5.Bd2 Bxd2+ 6.Qxd2 d6 7.Nc3 O-O 8.e3 Qe7
9.Nge2 Na6 10.h3 Rb8 11.g4 b5 12.cxb5 cxb5 13.Ng3 b4 14.Nce2 g6 15.O-O Bb7
16.e4 Kh8 17.f4 Ng8 18.f5 f6 19.a3 exd4 20.fxg6 hxg6 21.axb4 d5 22.Nf4 Kh7
23.exd5 Nxb4 24.Rae1 Qd6 25.Re6 Qc5 26.Ne4 Qc2 27.Nxg6 Kxg6 28.Qg5+ Kh7 29.Rfxf6 Rxf6
30.Re7+ Nxe7 31.Nxf6+ Kh8 32.Qh6+  1-0

[Event "BL2-W9899"]
[Site "Germany"]
[Date "1999.01.31"]
[Round "5.5"]
[White "Burkart, Patrick"]
[Black "Becking, Stephan"]
[Result "1-0"]
[WhiteElo "2374"]
[BlackElo "2242"]

1.c4 e5 2.g3 Nf6 3.Bg2 d5 4.cxd5 Nxd5 5.Nf3 Nc6 6.O-O Be7 7.d4 e4 8.Ne5 f5
9.Nxc6 bxc6 10.Qc2 Qd7 11.Nc3 O-O 12.Nxd5 cxd5 13.Bf4 Ba6 14.Rfc1 Rac8 15.Qd2 c5
16.dxc5 Bxc5 17.b4 Be7 18.Be5 Bc4 19.e3 Rfe8 20.Bd4 Qa4 21.a3 a5 22.bxa5 Bc5
23.Bc3 Red8 24.Bh3 Qd7 25.Bf1 Qe6 26.Bd4 Bxf1 27.Kxf1 Bxd4 28.Qxd4 Qa6+ 29.Kg2 Qxa5
30.Rxc8 Rxc8 31.Qe5 Qa8 32.Qxf5 Rf8 33.Qe5 Re8 34.Qd4 Rd8 35.a4 Qa6 36.Rc1 Rd7
37.Rc5 Qd6 38.Rc8+ Kf7 39.Qc5 Qe6 40.Rc7 Rxc7 41.Qxc7+ Kg6 42.a5 Qf5 43.Qd6+ Kh5
44.Qf4  1-0

[Event "Goodricke 10th op"]
[Site "Calcutta"]
[Date "1999.02.09"]
[Round "4"]
[White "Koshy, Varugeese"]
[Black "Goswami, Vedant"]
[Result "1-0"]
[WhiteElo "2365"]
[BlackElo "2235"]

1.c4 e5 2.g3 Nf6 3.Bg2 Nc6 4.Nc3 Bb4 5.Nf3 O-O 6.O-O e4 7.Ne1 Bxc3 8.dxc3 d6
9.Nc2 Ne5 10.b3 Re8 11.h3 a6 12.a4 Bd7 13.a5 Rb8 14.Ne3 b6 15.axb6 Rxb6 16.Nd5 Nxd5
17.cxd5 Qb8 18.Ra3 Qb7 19.Be3 Rb5 20.c4 Rb4 21.Bd2 a5 22.Qc2 a4 23.Bxb4 Qxb4
24.Rfa1 axb3 25.Rxb3 Qc5 26.Qxe4 Nxc4 27.Qc2 Nb6 28.Qxc5 dxc5 29.d6 Be6 30.Rbb1 Nc8
31.dxc7 Re7 32.Rb8 Rxc7 33.Bb7 Rxb7 34.Rxb7 g6 35.Rc7 Kg7 36.Ra6 Kf6 37.Rxc8  1-0

[Event "Goodricke 10th op"]
[Site "Calcutta"]
[Date "1999.02.11"]
[Round "6"]
[White "Koshy, Varugeese"]
[Black "Sriram, Jha"]
[Result "1/2-1/2"]
[WhiteElo "2365"]
[BlackElo "2325"]

1.c4 e5 2.g3 Nf6 3.Bg2 d5 4.cxd5 Nxd5 5.Nc3 Nb6 6.Nf3 Nc6 7.O-O Be7 8.d3 O-O
9.Be3 Be6 10.d4 exd4 11.Nxd4 Nxd4 12.Qxd4 Nc4 13.Nd5 Bxd5 14.Bxd5 Nxe3 15.Qxe3 Qxd5
16.Qxe7 Rae8 17.Qxc7 Rxe2 18.b3 Qf3 19.Qc5 h5 20.h4 b6 21.Qc7 Rfe8 22.Qxa7 g5
23.Qc7 gxh4 24.Qf4 Qxf4 25.gxf4 R8e4 26.f3 Rxf4 27.Rf2 Re6 28.Rd1 Kg7 29.Rd5 Kh6
30.Rb5 Rg6+ 31.Kh2 Rgf6  1/2-1/2

[Event "EST-chT"]
[Site "Tallinn"]
[Date "1999.02.27"]
[Round "3"]
[White "Vasiliev, Igor"]
[Black "Leito, Priit"]
[Result "1/2-1/2"]
[WhiteElo "2290"]
[BlackElo "2380"]

1.c4 e5 2.g3 c6 3.d4 exd4 4.Qxd4 d5 5.Nc3 Be6 6.cxd5 cxd5 7.Bg2 Nc6 8.Qa4 Nf6
9.Nf3 Be7 10.O-O O-O 11.Nd4 Nxd4 12.Qxd4  1/2-1/2

[Event "BL9899 (Women)"]
[Site "Germany"]
[Date "1999.02.28"]
[Round "9.4"]
[White "Fischdick, Gisela"]
[Black "De Mie, Mariska"]
[Result "1-0"]
[WhiteElo "2231"]
[BlackElo "2107"]

1.c4 e5 2.g3 Nf6 3.Bg2 c6 4.d4 exd4 5.Qxd4 d5 6.Nf3 Be7 7.O-O O-O 8.cxd5 Nxd5
9.a3 Bf6 10.Qd3 Na6 11.Nbd2 Nb6 12.Qc2 Re8 13.e3 g6 14.Re1 Bg4 15.Rb1 Qd7
16.b4 Rad8 17.Bb2 Bxb2 18.Qxb2 Bxf3 19.Nxf3 Nc4 20.Qa2 Ne5 21.Nd4 Nc7 22.Red1 Qe7
23.Qb3 Qf6 24.h3 Rd6 25.a4 Ne6 26.Nxe6 Qxe6 27.Rxd6 Qxd6 28.Rd1 Qc7 29.b5 Rd8
30.Rxd8+ Qxd8 31.bxc6 bxc6 32.f4 Nd7 33.Bxc6 Nc5 34.Qc2 Qd6 35.Bf3 Qe7 36.Kf2 Ne6
37.h4 Qd7 38.h5 gxh5 39.Bxh5 Qd5 40.Bf3 Qd6 41.Be4 h6 42.Qc8+ Kg7 43.Qc3+ Kg8
44.Bc2 Qd5 45.Bb3 Qh5 46.Bxe6 Qh2+ 47.Kf3 fxe6 48.Qc8+ Kf7 49.Qd7+ Kf6 50.Qxa7 Qh5+
51.Kf2 Qh2+ 52.Kf1 Qxg3 53.Qd4+ Ke7 54.Qc5+ Kd7 55.a5 Qf3+ 56.Ke1 h5 57.a6 h4
58.a7 h3 59.Qb5+ Ke7 60.Qc5+ Kd7 61.Qd4+ Kc7 62.Qe5+  1-0

[Event "BEL-chT9899"]
[Site "Antwerp"]
[Date "1999.02.??"]
[Round "7"]
[White "Tonoli, Walter"]
[Black "Van Mechelen, Jan"]
[Result "0-1"]
[WhiteElo "2245"]
[BlackElo "2263"]

1.c4 e5 2.g3 Nf6 3.Bg2 c6 4.a3 d5 5.cxd5 cxd5 6.d4 Nc6 7.dxe5 Nxe5 8.Bg5 Bc5
9.e3 Bf5 10.Nf3 Nd3+ 11.Kf1 Nxf2 12.Qa4+ Bd7 13.Qc2 N2e4 14.Bxf6 Qxf6 15.Nc3 Bh3
16.Qd1 Nxc3 17.bxc3 Qa6+ 18.Kf2 Bxe3+ 19.Kxe3 Bxg2 20.Re1 O-O 21.Qxd5 Rad8
22.Qf5 g6 23.Qc2 Bxf3 24.Kxf3 Rd3+ 25.Kg2 Qc6+ 26.Kg1 Rfd8 27.c4 Rd2 28.Qe4 Qc5+
29.Qe3 Qh5 30.h4 Qg4 31.Rf1 Qh3  0-1

[Event "Victor Ciocaltea Memorial"]
[Site "Bucharest"]
[Date "1999.03.10"]
[Round "7"]
[White "Ionescu, Constantin"]
[Black "Marin, Mihail"]
[Result "1/2-1/2"]
[WhiteElo "2482"]
[BlackElo "2527"]

1.g3 e5 2.c4 Nf6 3.Bg2 d5 4.cxd5 Nxd5 5.Nc3 Nb6 6.Nf3 Nc6 7.O-O Be7 8.d3 O-O
9.Be3 Be6 10.Qc1 f6 11.Ne4 Rf7 12.Rd1 Nd4 13.Bxd4 exd4 14.Nc5 Bxc5 15.Qxc5 Rd7
16.Rdc1 c6 17.Rc2 Rd5  1/2-1/2

[Event "Victor Ciocaltea Memorial"]
[Site "Bucharest"]
[Date "1999.03.12"]
[Round "9"]
[White "Aronian, Levon"]
[Black "Rogozenko, Dorin"]
[Result "1/2-1/2"]
[WhiteElo "2502"]
[BlackElo "2557"]

1.c4 e5 2.g3 Nf6 3.Bg2 d5 4.cxd5 Nxd5 5.Nf3 Nc6 6.O-O Be7 7.Nc3 Nb6 8.d3 O-O
9.Be3 Bg4 10.Rc1 Re8 11.a3 Bf8 12.Nd2 Qd7 13.Re1 Rad8 14.b4 Nd4 15.Nb3 c6
16.Na5 h6 17.Qd2 Qe7 18.Qb2 Bc8 19.Ne4 Na4 20.Qb1 Kh8 21.Nd2 f5 22.Nf3 Qf6
23.Nxd4 exd4 24.Bd2 Qf7 25.e4 dxe3 26.Bxe3 Nb6 27.Nc4 Nxc4 28.dxc4 a6 29.Qb2 Be7
30.Bd4 Kg8 31.Be5 Bf8 32.a4 Be6 33.b5 cxb5 34.cxb5 Bd5 35.Bf1 a5 36.Rc7 Qh5
37.Be2 Qh3 38.Bf1 Qg4 39.Bg2 Bxg2 40.Kxg2 Qxa4 41.Re3 b6 42.Bxg7 Rxe3 43.Bxf8 Qe4+
44.Kh3 Qe5 45.Qc1 f4 46.fxe3 Qh5+ 47.Kg2 Qe2+ 48.Kh3 Qh5+ 49.Kg2 f3+ 50.Kh1 f2
51.Qc4+ Qd5+ 52.Qxd5+ Rxd5 53.Kg2 Rf5 54.Kf1 Kxf8 55.Ra7 Rxb5 56.Kxf2 Rb2+
57.Kf3 Rxh2 58.e4 Ra2 59.Ra6 Rb2 60.Kf4 Ke7 61.Kf5 Kd6 62.e5+ Kc6 63.Ra7 Rf2+
64.Ke4 h5 65.e6 Kd6 66.Rb7 Re2+ 67.Kd3 Re1 68.Kd2 Re5 69.Rxb6+ Kc5 70.Ra6 Kb5
71.Rd6 Kc5 72.Ra6 Kb5 73.Rd6 Kc4 74.Rc6+ Kb5 75.Rd6 Kc5 76.Ra6 Kb5 77.Rd6 Kc5
78.Ra6 Kb5 79.Rd6 Kc5 80.Ra6 Kb5  1/2-1/2